000 01179nam a22002657a 4500
003 DO-SdBNP
005 20250527104707.0
007 ta
008 250527b2024 dr a|||| |||| 00| 0 spa d
020 _a9789945224047
040 _aDO-SdBNP
_bspa
_cBNPHU
_erda
082 _axxx
_bE79
_222
100 _aEstévez Espinal, José Rafael
_eautor
_4aut.
_987376
245 0 4 _aUna para cada ocasión :
_bdécimas de Fello Estévez /
_cFello Estévez
264 1 _aSanto Domingo :
_bEditora Búho,
_c©2024.
300 _a129 páginas ;
_bilustraciones
_c22 cm.
336 _atexto
_btxt
_2rdacontent
337 _asin mediación
_bn
_2rdamedia
338 _avolumen
_bnc
_2rdacarrier
500 _aincluye datos biografícos del autor en la solapa de la portada.
520 _a"Una para cada ocasión" es un libro que ofrece una décima espinela para cada celebración o conmemoración especial. Desde efemérides dominicanas, como la Independencia Nacional y las Hermanas Mirabal, hasta temas de alcance global, cada décima refleja un homenaje a momentos significativos de la historia y la humanidad.
590 _aInventariado, 2025/ YL
910 _aYLockward
942 _2ddc
_cLBS1
999 _c58651
_d58651